Y học và tuổi già; T1

Guardat en:
Dades bibliogràfiques
Autor principal: Nguyễn Huy Dung
Format: Llibre
Idioma:Undetermined
Publicat: Hà Nội Y học 1978
Matèries:
Etiquetes: Afegir etiqueta
Sense etiquetes, Sigues el primer a etiquetar aquest registre!
Thư viện lưu trữ: Trung tâm Học liệu Trường Đại học Cần Thơ
LEADER 00473nam a2200169Ia 4500
001 CTU_12112
008 210402s9999 xx 000 0 und d
082 |a 618.97 
082 |b D513/T1 
100 |a Nguyễn Huy Dung 
245 0 |a Y học và tuổi già; T1 
245 0 |c Nguyễn Huy Dung, Phạm Kiến Nam 
260 |a Hà Nội 
260 |b Y học 
260 |c 1978 
650 |a geriatrics 
980 |a Trung tâm Học liệu Trường Đại học Cần Thơ